[Event "SCCU Championship"]
[Site "Sutton"]
[Date "1980.04.04"]
[Round "1"]
[White "James, Geoffrey H"]
[Black "Watson, William Nicholas"]
[Result "0-1"]
[WhiteElo "2152"]
[BlackElo "2264"]
[PlyCount "72"]
[EventDate "1980.04.04"]
[EventType "swiss"]
[EventRounds "6"]
[EventCountry "ENG"]
[SourceTitle "Denman Collection"]
[Source "Brian Denman"]
[SourceDate "2023.11.29"]
[SourceVersion "1"]
[SourceVersionDate "2023.11.29"]
[SourceQuality "1"]

1. e4 c5 2. Nf3 d6 3. c3 Nf6 4. Bd3 Nc6 5. Bc2 Bg4 6. d3 e6 7. Nbd2 Be7 8. h3 Bh5 9. Qe2 d5 10. Nf1 c4 11. g4 cxd3 12. Bxd3 dxe4 13. Bxe4 Nxe4 14. Qxe4 Bg6 15. Qa4 O-O 16. Be3 Qd5 17. Qd1 Qb5 18. Qb3 Qa6 19. N1d2 Rfd8 20. h4 Na5 21. Qa4 b5 22. Qd1 Nc4 23. Qb3 Na5 24. Qd1 Nc4 25. Qb3 Qc6 26. Rh3 h5 27. g5 Bf5 28. Rg3 Nxd2 29. Nxd2 Qh1+ 30. Nf1 Qxh4 31. Bd4 Bxg5 32. Qxb5 Rab8 33. Qe5 f6 34. Qc7 Qe4+ 35. Ne3 Qh1+ 36. Kd2 Rxb2# {Source: G H James.} 0-1

[Event "SCCU Championship"]
[Site "Sutton"]
[Date "1980.04.04"]
[Round "1"]
[White "Saunders, John C"]
[Black "Flear, Glenn C"]
[Result "1/2-1/2"]
[WhiteElo "2184"]
[BlackElo "2256"]
[PlyCount "84"]
[EventDate "1980.04.04"]
[EventType "swiss"]
[EventRounds "6"]
[EventCountry "ENG"]
[SourceTitle "John Saunders"]
[Source "BritBase"]
[SourceDate "2021.01.09"]
[SourceVersion "1"]
[SourceVersionDate "2021.01.09"]
[SourceQuality "1"]

1. e4 e5 2. Nf3 Nc6 3. d4 exd4 4. Nxd4 g6 5. Nc3 Bg7 6. Be3 d6 7. Be2 Nf6 8. Qd2 O-O 9. O-O-O Re8 10. f3 Bd7 11. g4 a6 12. h4 b5 13. h5 b4 14. Nb1 Nxd4 15. Bxd4 c5 16. hxg6 hxg6 17. Be3 Qa5 18. Bh6 Bh8 19. Bg5 Bg7 20. Bh6 Bh8 21. Bc4 Be6 22. Bxe6 Rxe6 23. e5 Rxe5 24. Bf4 Re6 25. Rxh8+ Kxh8 26. Qh2+ Kg8 27. Rh1 Kf8 28. Bxd6+ Rxd6 29. Qxd6+ Kg7 30. Qh2 Ng8 31. g5 Re8 32. Qg1 Qc7 33. Nd2 c4 34. Qd4+ Qe5 35. Qxe5+ Rxe5 36. Ne4 f6 37. gxf6+ Nxf6 38. Nxf6 Kxf6 39. Kd2 a5 40. Rf1 Kf5 41. Rh1 Rd5+ 42. Ke3 Re5+ {(sealed) Source: John Saunders} 1/2-1/2

[Event "SCCU Championship"]
[Site "Sutton"]
[Date "1980.04.04"]
[Round "1"]
[White "Watson, Ian R"]
[Black "Henshaw, John C"]
[Result "1/2-1/2"]
[WhiteElo "2232"]
[BlackElo "2184"]
[PlyCount "143"]
[EventDate "1980.04.04"]
[EventType "swiss"]
[EventRounds "6"]
[EventCountry "ENG"]
[SourceTitle "Denman Collection"]
[Source "Brian Denman"]
[SourceDate "2023.11.29"]
[SourceVersion "1"]
[SourceVersionDate "2023.11.29"]
[SourceQuality "1"]

1. d4 Nf6 2. c4 d6 3. Nf3 Nbd7 4. Bf4 g6 5. Nc3 Bg7 6. Qd2 O-O 7. h3 c6 8. e3 a6 9. Be2 b5 10. a3 Bb7 11. O-O bxc4 12. Bxc4 d5 13. Bd3 c5 14. b4 Ne4 15. Qe1 cxd4 16. exd4 Nxc3 17. Qxc3 Rc8 18. Qd2 Nf6 19. Qe2 Qb6 20. Rac1 Ne4 21. Be3 Rfd8 22. Bxe4 dxe4 23. Ne5 Qe6 24. Qb2 f6 25. Ng4 h5 26. Nh2 f5 27. Rfd1 Qd5 28. Nf1 Bf6 29. Rxc8 Bxc8 30. Rc1 Bb7 31. Rc5 Qd6 32. Qb3+ Kg7 33. Qc4 Rd7 34. g3 h4 35. a4 Bd5 36. Qc1 hxg3 37. Nxg3 Kf7 38. Bf4 Qb6 39. Qd1 Qxb4 40. Nxf5 Be6 41. Bd2 Qb3 42. Nh6+ Kg7 43. Qxb3 Bxb3 44. Ng4 Bxd4 45. Ra5 Rd6 46. Bf4 Re6 47. Be5+ Bxe5 48. Nxe5 Bxa4 49. Rxa4 Rxe5 50. Rxa6 e3 51. fxe3 Rxe3 52. Kg2 Kh6 53. Ra5 g5 54. Ra4 Kh5 55. Ra8 e6 56. Rh8+ Kg6 57. Rg8+ Kf6 58. Rf8+ Kg7 59. Ra8 Re4 60. Rb8 Rf4 61. Ra8 Kf6 62. Rb8 Kf5 63. Rf8+ Ke4 64. Rg8 Rf5 65. Ra8 Rd5 66. Ra6 e5 67. Rg6 Kf5 68. Rg8 Kf4 69. Rf8+ Ke3 70. Rf5 Rd2+ 71. Kg3 e4 72. Rxg5 {Source: J C Henshaw.} 1/2-1/2

[Event "SCCU Championship"]
[Site "Sutton"]
[Date "1980.04.04"]
[Round "2"]
[White "Ady, Jonathan James"]
[Black "James, Geoffrey H"]
[Result "1/2-1/2"]
[WhiteElo "2040"]
[BlackElo "2152"]
[PlyCount "62"]
[EventDate "1980.04.04"]
[EventType "swiss"]
[EventRounds "6"]
[EventCountry "ENG"]
[SourceTitle "Denman Collection"]
[Source "Brian Denman"]
[SourceDate "2023.11.29"]
[SourceVersion "1"]
[SourceVersionDate "2023.11.29"]
[SourceQuality "1"]

1. e4 e5 2. Nf3 Nc6 3. Bb5 g6 4. O-O Bg7 5. c3 d6 6. d4 Bd7 7. dxe5 dxe5 8. Qb3 Nge7 9. Rd1 Qc8 10. Bg5 Be6 11. Qa3 f6 12. Be3 Kf7 13. Nbd2 a6 14. Bc4 Bxc4 15. Nxc4 Qe6 16. b3 Rhd8 17. Bc5 Bf8 18. Qb2 Rd7 19. Qe2 Rad8 20. Ne3 Nc8 21. Bxf8 Kxf8 22. Nd5 Kg7 23. Rd3 Nd6 24. Rad1 Ne7 25. c4 Nxd5 26. Rxd5 c6 27. R5d3 Nf7 28. Ne1 Rxd3 29. Rxd3 Rxd3 30. Qxd3 Qd6 31. Qxd6 Nxd6 {Source: G H James.} 1/2-1/2

[Event "SCCU Championship"]
[Site "Sutton"]
[Date "1980.04.04"]
[Round "2"]
[White "Henshaw, John C"]
[Black "Cooley, Christopher Martin"]
[Result "1/2-1/2"]
[WhiteElo "2184"]
[BlackElo "2216"]
[PlyCount "119"]
[EventDate "1980.04.04"]
[EventType "swiss"]
[EventRounds "6"]
[EventCountry "ENG"]
[SourceTitle "Denman Collection"]
[Source "Brian Denman"]
[SourceDate "2023.11.29"]
[SourceVersion "1"]
[SourceVersionDate "2023.11.29"]
[SourceQuality "1"]

1. d4 Nf6 2. Nf3 g6 3. Bf4 Bg7 4. e3 b6 5. h3 Bb7 6. Be2 d6 7. O-O Nbd7 8. Bh2 O-O 9. a4 Re8 10. a5 c5 11. c3 bxa5 12. Qa4 Rb8 13. Qxa5 Be4 14. b4 cxb4 15. cxb4 Qxa5 16. Rxa5 Rxb4 17. Nc3 Bxf3 18. Bxf3 Rc8 19. Nb5 a6 20. Na7 Rc2 21. Nc6 Rb6 22. Nxe7+ Kf8 23. Nd5 Nxd5 24. Bxd5 Ke7 25. Bg3 Bf6 26. Rfa1 Nb8 27. Be4 Rc3 28. R5a3 Rxa3 29. Rxa3 Ke8 30. Kf1 Bd8 31. Ke2 Nc6 32. Ra4 Kd7 33. Bd5 f6 34. Bg8 Ne7 35. Bc4 a5 36. Kd3 Rb1 37. e4 Bb6 38. d5 Nc8 39. Ra2 Na7 40. f3 Bc7 41. Bf2 Nc8 42. Bd4 Bd8 43. Ba6 Ne7 44. Kc2 Rb8 45. Bc3 g5 46. Bxa5 Ra8 47. Bc3 Rb8 48. Bc4 Nc8 49. Bb3 Ke7 50. Ra6 Bb6 51. Ba4 h6 52. Bc6 Na7 53. Kd3 Bc5 54. Kc4 Rb1 55. Ra1 Rb8 56. Ra2 Nc8 57. Kd3 Kf7 58. Ra8 Rxa8 59. Bxa8 Ne7 60. Bd2 {Source: J C Henshaw.} 1/2-1/2

[Event "SCCU Championship"]
[Site "Sutton"]
[Date "1980.04.04"]
[Round "2"]
[White "Pearce, Robin Jonathan"]
[Black "Saunders, John C"]
[Result "1-0"]
[WhiteElo "2200"]
[BlackElo "2184"]
[PlyCount "125"]
[EventDate "1980.04.04"]
[EventType "swiss"]
[EventRounds "6"]
[EventCountry "ENG"]
[SourceTitle "John Saunders"]
[Source "BritBase"]
[SourceDate "2021.01.09"]
[SourceVersion "1"]
[SourceVersionDate "2021.01.09"]
[SourceQuality "1"]

1. e4 c6 2. b3 d5 3. exd5 cxd5 4. Bb2 Nf6 5. Nf3 Nc6 6. Bd3 Bg4 7. h3 Bh5 8. O-O e6 9. Nc3 Be7 10. Re1 Bxf3 11. Qxf3 O-O 12. a3 e5 13. Qg3 e4 14. Bf1 Nd4 15. Rac1 Bd6 16. Qh4 Nf5 17. Qg5 g6 18. Nb5 Be7 19. d3 e3 20. fxe3 a6 21. Nd4 h6 22. Qf4 Nh5 23. Qg4 Nxd4 24. Bxd4 Bxa3 25. Ra1 Bd6 26. Be2 Kh7 27. e4 Bg3 28. Rf1 Qc7 29. e5 Bxe5 30. Bxe5 Qxe5 31. Bf3 f5 32. Qb4 Qe3+ 33. Rf2 Rf7 34. Re1 Qf4 35. Qc5 Qc7 36. Qxc7 Rxc7 37. Bxh5 gxh5 38. Rxf5 Rxc2 39. Re7+ Kg6 40. Rxd5 Rf8 41. Rxb7 Rf6 42. Rdd7 Rc1+ 43. Kh2 Rcc6 44. b4 Rcd6 45. d4 Kf5 46. b5 axb5 47. Rxb5+ Kg6 48. Rxd6 Rxd6 49. d5 h4 50. Rc5 Kf5 51. Kg1 Ke5 52. Kf2 Rxd5 53. Rxd5+ Kxd5 54. Kf3 Ke5 55. Kg4 Kf6 56. Kxh4 Kg6 57. Kg4 Kf6 58. Kf4 Kg6 59. Ke5 Kg5 60. g3 Kh5 61. Ke6 Kg5 62. Kf7 Kf5 63. Kg7 {Source: John Saunders} 1-0

[Event "SCCU Championship"]
[Site "Sutton"]
[Date "1980.04.05"]
[Round "3"]
[White "James, Geoffrey H"]
[Black "Saunders, John C"]
[Result "1/2-1/2"]
[WhiteElo "2152"]
[BlackElo "2184"]
[PlyCount "80"]
[EventDate "1980.04.04"]
[EventType "swiss"]
[EventRounds "6"]
[EventCountry "ENG"]
[SourceTitle "John Saunders"]
[Source "BritBase"]
[SourceDate "2021.01.09"]
[SourceVersion "1"]
[SourceVersionDate "2021.01.09"]
[SourceQuality "1"]

1. e4 c6 2. d4 d5 3. exd5 cxd5 4. c4 Nf6 5. Nc3 g6 6. cxd5 Nxd5 7. Qb3 Nb6 8. Bb5+ Bd7 9. Nf3 Bg7 10. Ne5 O-O 11. Nxd7 N8xd7 12. Be3 Nf6 13. O-O Qd6 14. Be2 Nbd5 15. Bf3 e6 16. Bg5 Rab8 17. Bh4 Qd7 18. Bg3 Rbc8 19. Nb5 Rc6 20. a4 b6 21. Na3 Rfc8 22. Be2 Ne4 23. Rfd1 Nxg3 24. hxg3 Qe7 25. Bb5 R6c7 26. Ba6 Rd8 27. Nb5 Rcd7 28. a5 bxa5 29. Rxa5 Rb8 30. Qc4 Qd8 31. Rda1 Bf8 32. Qe2 Nb4 33. R5a4 Qb6 34. Nc3 Rxd4 35. Bc4 Rd7 36. Ne4 Be7 37. b3 Qd4 38. Qf3 Rc8 39. Kh2 Kg7 40. Kh3 Qb6 {Source: John Saunders} 1/2-1/2

[Event "SCCU Championship"]
[Site "Sutton"]
[Date "1980.04.05"]
[Round "3"]
[White "Lee, Graham D"]
[Black "Henshaw, John C"]
[Result "1/2-1/2"]
[WhiteElo "2328"]
[BlackElo "2184"]
[PlyCount "48"]
[EventDate "1980.04.04"]
[EventType "swiss"]
[EventRounds "6"]
[EventCountry "ENG"]
[SourceTitle "Denman Collection"]
[Source "Brian Denman"]
[SourceDate "2023.11.29"]
[SourceVersion "1"]
[SourceVersionDate "2023.11.29"]
[SourceQuality "1"]

1. e4 e5 2. Nf3 Nc6 3. Bc4 Nf6 4. Ng5 d5 5. exd5 Na5 6. Bb5+ Bd7 7. Qe2 Be7 8. Nc3 O-O 9. O-O c6 10. dxc6 Nxc6 11. Bxc6 Bxc6 12. d3 Nd5 13. Nf3 Nxc3 14. bxc3 Bd6 15. Nxe5 Re8 16. d4 Bxe5 17. dxe5 Qa5 18. Bf4 Qxc3 19. Rad1 Rac8 20. Rd3 Bb5 21. Rxc3 Bxe2 22. Rxc8 Rxc8 23. Rb1 b6 24. Rb2 Bd1 {Source: J C Henshaw.} 1/2-1/2

[Event "SCCU Championship"]
[Site "Sutton"]
[Date "1980.04.05"]
[Round "4"]
[White "Henshaw, John C"]
[Black "O'Kelly, Rory MR"]
[Result "1/2-1/2"]
[WhiteElo "2184"]
[BlackElo "2280"]
[PlyCount "50"]
[EventDate "1980.04.04"]
[EventType "swiss"]
[EventRounds "6"]
[EventCountry "ENG"]
[SourceTitle "Denman Collection"]
[Source "Brian Denman"]
[SourceDate "2023.11.29"]
[SourceVersion "1"]
[SourceVersionDate "2023.11.29"]
[SourceQuality "1"]

1. e4 e5 2. Nc3 Bc5 3. Nf3 d6 4. d4 exd4 5. Nxd4 Nc6 6. Bb5 Bd7 7. Nf5 Bxf5 8. exf5 Qe7+ 9. Kf1 Qe5 10. Qf3 Nge7 11. f6 Qxf6 12. Qxf6 gxf6 13. Bh6 f5 14. Re1 Kd7 15. h4 a6 16. Ba4 Rhe8 17. h5 Bd4 18. Rh3 Bf6 19. Bc1 b5 20. Bb3 Nd8 21. Nd5 Nxd5 22. Rxe8 Kxe8 23. Bxd5 c6 24. Bb3 Ne6 25. c3 Ke7 {Source: J C Henshaw.} 1/2-1/2

[Event "SCCU Championship"]
[Site "Sutton"]
[Date "1980.04.05"]
[Round "4"]
[White "James, Geoffrey H"]
[Black "Watson, Ian R"]
[Result "1/2-1/2"]
[WhiteElo "2152"]
[BlackElo "2232"]
[PlyCount "50"]
[EventDate "1980.04.04"]
[EventType "swiss"]
[EventRounds "6"]
[EventCountry "ENG"]
[SourceTitle "Denman Collection"]
[Source "Brian Denman"]
[SourceDate "2023.11.29"]
[SourceVersion "1"]
[SourceVersionDate "2023.11.29"]
[SourceQuality "1"]

1. e4 Nc6 2. Nf3 e5 3. Bb5 a6 4. Ba4 Nf6 5. O-O Nxe4 6. d4 b5 7. Bb3 d5 8. dxe5 Be6 9. c3 Bc5 10. Qe2 O-O 11. Be3 Qe7 12. Nbd2 Nxd2 13. Qxd2 Bxe3 14. Qxe3 Na5 15. Bc2 Nc4 16. Qd3 g6 17. b3 Nb6 18. Qe3 Bg4 19. Ne1 Rae8 20. h3 Bc8 21. f4 f6 22. Nf3 fxe5 23. Nxe5 Nd7 24. Rae1 Nxe5 25. fxe5 Rxf1+ {Source: G H James.} 1/2-1/2

[Event "SCCU Championship"]
[Site "Sutton"]
[Date "1980.04.05"]
[Round "4"]
[White "Saunders, John C"]
[Black "Le Blancq, Simon Charles"]
[Result "1/2-1/2"]
[WhiteElo "2184"]
[BlackElo "2232"]
[PlyCount "25"]
[EventDate "1980.04.04"]
[EventType "swiss"]
[EventRounds "6"]
[EventCountry "ENG"]
[SourceTitle "John Saunders"]
[Source "BritBase"]
[SourceDate "2021.01.09"]
[SourceVersion "1"]
[SourceVersionDate "2021.01.09"]
[SourceQuality "1"]

1. e4 c5 2. Nf3 e6 3. d4 cxd4 4. Nxd4 Nf6 5. Nc3 Bb4 6. Bd3 Nc6 7. Nxc6 dxc6 8. O-O e5 9. Ne2 O-O 10. Ng3 Bc5 11. h3 Be6 12. Qe2 h6 13. Kh2 {Source: John Saunders} 1/2-1/2

[Event "SCCU Championship"]
[Site "Sutton"]
[Date "1980.04.06"]
[Round "5"]
[White "Ady, Jonathan James"]
[Black "Henshaw, John C"]
[Result "1/2-1/2"]
[WhiteElo "2040"]
[BlackElo "2184"]
[PlyCount "80"]
[EventDate "1980.04.04"]
[EventType "swiss"]
[EventRounds "6"]
[EventCountry "ENG"]
[SourceTitle "Denman Collection"]
[Source "Brian Denman"]
[SourceDate "2023.11.29"]
[SourceVersion "1"]
[SourceVersionDate "2023.11.29"]
[SourceQuality "1"]

1. Nf3 d5 2. g3 c6 3. Bg2 Nf6 4. O-O Bf5 5. d3 e6 6. Nbd2 h6 7. Re1 Bc5 8. e4 dxe4 9. dxe4 Nxe4 10. Nxe4 Qxd1 11. Rxd1 Bxe4 12. Bf4 Be7 13. c3 O-O 14. Bd6 Bxd6 15. Rxd6 c5 16. Ne5 Bxg2 17. Kxg2 Re8 18. Rad1 f6 19. Nd3 Na6 20. Nf4 Kf7 21. Rd7+ Re7 22. c4 Rae8 23. R7d6 Nb8 24. Ne2 e5 25. Nc3 Re6 26. Ne4 b6 27. R6d3 Kg6 28. g4 Nc6 29. Rd7 R8e7 30. Rxe7 Rxe7 31. Rd6 Nd4 32. h4 Kf7 33. Rd8 Rc7 34. Nc3 Nc6 35. Rd5 Ke7 36. Kf3 Rd7 37. h5 Rxd5 38. Nxd5+ Ke6 39. Ke4 Nd4 40. Nc3 Kd6 {Source: J C Henshaw.} 1/2-1/2

[Event "SCCU Championship"]
[Site "Sutton"]
[Date "1980.04.06"]
[Round "5"]
[White "Branford, John W"]
[Black "Saunders, John C"]
[Result "0-1"]
[WhiteElo "2160"]
[BlackElo "2184"]
[PlyCount "94"]
[EventDate "1980.04.04"]
[EventType "swiss"]
[EventRounds "6"]
[EventCountry "ENG"]
[SourceTitle "John Saunders"]
[Source "BritBase"]
[SourceDate "2021.01.09"]
[SourceVersion "1"]
[SourceVersionDate "2021.01.09"]
[SourceQuality "1"]

1. e4 c6 2. d4 d5 3. Nc3 dxe4 4. Nxe4 Nd7 5. Nf3 Ngf6 6. Nxf6+ Nxf6 7. Bc4 Bf5 8. O-O e6 9. Re1 Be7 10. Bf4 O-O 11. h3 c5 12. c3 Qb6 13. Qe2 Rad8 14. a4 Be4 15. a5 Qc6 16. Ne5 Qc8 17. Bg5 Bg6 18. Nxg6 hxg6 19. dxc5 Bxc5 20. Rac1 Qc7 21. b4 Bd6 22. Bd3 Bf4 23. Bxf4 Qxf4 24. g3 Qc7 25. Qf3 Rd7 26. Bf1 Nd5 27. Re4 Rc8 28. Rd4 a6 29. Qd3 Rcd8 30. Qf3 Rc8 31. Bg2 Qe5 32. Re4 Qg5 33. Ree1 Rdc7 34. h4 Qd2 35. Red1 Qb2 36. h5 gxh5 37. Qxh5 Nxc3 38. Rxc3 Qxc3 39. Be4 f5 40. Bb1 Qf6 41. Kg2 Qh6 {(sealed)} 42. Qe2 Rc1 43. Ba2 Rxd1 44. Qxd1 Kh7 45. Qd3 Rc1 46. Kf3 Qh5+ 47. Kf4 Re1 {Source: John Saunders} 0-1

[Event "SCCU Championship"]
[Site "Sutton"]
[Date "1980.04.06"]
[Round "5"]
[White "Brown, Simon D"]
[Black "James, Geoffrey H"]
[Result "1/2-1/2"]
[WhiteElo "2160"]
[BlackElo "2152"]
[PlyCount "45"]
[EventDate "1980.04.04"]
[EventType "swiss"]
[EventRounds "6"]
[EventCountry "ENG"]
[SourceTitle "Denman Collection"]
[Source "Brian Denman"]
[SourceDate "2023.11.29"]
[SourceVersion "1"]
[SourceVersionDate "2023.11.29"]
[SourceQuality "1"]

1. d4 Nf6 2. Nc3 d5 3. Bg5 Nbd7 4. Nf3 g6 5. Qd3 Bg7 6. O-O-O c6 7. e4 dxe4 8. Nxe4 Qa5 9. Kb1 Nxe4 10. Qxe4 Nf6 11. Bxf6 Bxf6 12. Bc4 Bf5 13. Qe2 Bg4 14. h3 Bxf3 15. Qxf3 O-O 16. h4 Qb4 17. Bb3 a5 18. c3 Qb5 19. Bc2 Rfd8 20. h5 c5 21. d5 Rd6 22. a4 Qb6 23. Ka2 {Source: G H James.} 1/2-1/2

[Event "SCCU Championship"]
[Site "Sutton"]
[Date "1980.04.07"]
[Round "6"]
[White "Henshaw, John C"]
[Black "Berry, Anthony J"]
[Result "0-1"]
[WhiteElo "2184"]
[BlackElo "2080"]
[PlyCount "58"]
[EventDate "1980.04.04"]
[EventType "swiss"]
[EventRounds "6"]
[EventCountry "ENG"]
[SourceTitle "Denman Collection"]
[Source "Brian Denman"]
[SourceDate "2023.11.29"]
[SourceVersion "1"]
[SourceVersionDate "2023.11.29"]
[SourceQuality "1"]

1. e4 e6 2. Nc3 d5 3. Nf3 Nf6 4. e5 Nfd7 5. d4 c5 6. dxc5 Nc6 7. Bf4 Bxc5 8. Bd3 f5 9. exf6 Nxf6 10. O-O O-O 11. Ne5 Ne4 12. Bxe4 Rxf4 13. Nd3 Rf8 14. Nxc5 dxe4 15. Qxd8 Rxd8 16. N3xe4 b6 17. Nb3 Nb4 18. Rfc1 Bb7 19. Nc3 Rac8 20. a3 Nd5 21. Nxd5 Rxd5 22. a4 a5 23. c3 e5 24. c4 Rd3 25. Ra3 Rxc4 26. Re1 e4 27. f3 exf3 28. Nxa5 f2+ 29. Kxf2 Rc2+ {Source: J C Henshaw.} 0-1

[Event "SCCU Championship"]
[Site "Sutton"]
[Date "1980.04.07"]
[Round "6"]
[White "King, Daniel John"]
[Black "James, Geoffrey H"]
[Result "1-0"]
[WhiteElo "2240"]
[BlackElo "2152"]
[PlyCount "117"]
[EventDate "1980.04.04"]
[EventType "swiss"]
[EventRounds "6"]
[EventCountry "ENG"]
[SourceTitle "Denman Collection"]
[Source "Brian Denman"]
[SourceDate "2023.11.29"]
[SourceVersion "1"]
[SourceVersionDate "2023.11.29"]
[SourceQuality "1"]

1. e4 e5 2. Nf3 Nc6 3. Bb5 g6 4. O-O Bg7 5. c3 d6 6. d4 Bd7 7. Re1 Nge7 8. Be3 O-O 9. a4 a5 10. Nbd2 h6 11. dxe5 dxe5 12. Bc5 Re8 13. Nc4 Qc8 14. Ne3 Nb8 15. Qe2 b6 16. Ba3 Qb7 17. Rad1 c6 18. Bd3 b5 19. axb5 cxb5 20. Bxe7 Rxe7 21. Nd5 Re8 22. Qe3 Bc6 23. Bb1 Nd7 24. Rd2 Qa7 25. Qe2 Nc5 26. Ba2 Ne6 27. g3 Qc5 28. Red1 Rab8 29. b4 axb4 30. cxb4 Qf8 31. Rc1 Bxd5 32. Rxd5 Qxb4 33. Rb1 Qa4 34. Rdxb5 Rbc8 35. R5b2 Kh7 36. Bd5 Rc3 37. Kg2 Re7 38. Ra2 Ra3 39. Rxa3 Qxa3 40. Rb8 Nd4 41. Nxd4 exd4 42. Qc4 Qc3 43. Bxf7 h5 44. Rb6 Qxc4 45. Bxc4 Rc7 46. Bf1 g5 47. h3 Be5 48. Rb5 Re7 49. Rd5 Kg6 50. Bb5 Kh6 51. Bd7 Kg6 52. Bf5+ Kf6 53. Ra5 Rc7 54. Ra6+ Kg7 55. Rg6+ Kf7 56. Rxg5 d3 57. Rxh5 d2 58. Bg4 Kf6 59. Rf5+ {Source: G H James.} 1-0

[Event "SCCU Championship"]
[Site "Sutton"]
[Date "1980.04.07"]
[Round "6"]
[White "Saunders, John C"]
[Black "Ady, Jonathan James"]
[Result "1-0"]
[WhiteElo "2184"]
[BlackElo "2040"]
[PlyCount "73"]
[EventDate "1980.04.04"]
[EventType "swiss"]
[EventRounds "6"]
[EventCountry "ENG"]
[SourceTitle "John Saunders"]
[Source "BritBase"]
[SourceDate "2021.01.09"]
[SourceVersion "1"]
[SourceVersionDate "2021.01.09"]
[SourceQuality "1"]

1. e4 c5 2. Nf3 d6 3. d4 cxd4 4. Nxd4 Nf6 5. Nc3 a6 6. f4 Qc7 7. Bd3 g6 8. Nf3 Bg7 9. O-O Nbd7 10. Qe1 b5 11. a3 Bb7 12. Bd2 O-O 13. Qh4 e5 14. Rae1 Rae8 15. Kh1 Nh5 16. f5 Ndf6 17. g4 Nf4 18. Bxf4 exf4 19. g5 Nh5 20. f6 Bh8 21. Qg4 h6 22. h4 Ng3+ 23. Kg1 d5 24. e5 Nxf1 25. Kxf1 d4 26. Ne4 Rxe5 27. gxh6 Rh5 28. Neg5 Bxf6 29. Bxg6 fxg6 30. Qe6+ Kh8 31. Qxf6+ Kg8 32. Qxg6+ Kh8 33. Re8 Qc4+ 34. Kg1 Rxg5+ 35. Nxg5 Rxe8 36. Qxe8+ Qg8 37. Qe5+ {Source: John Saunders} 1-0

[Event "Surrey Open"]
[Site "Sutton"]
[Date "1980.04.04"]
[Round "1"]
[White "Thurlow, Kevin J"]
[Black "Rosen, Daniel B"]
[Result "0-1"]
[WhiteElo "2000"]
[BlackElo "1830"]
[PlyCount "108"]
[EventDate "1980.04.04"]
[EventType "swiss"]
[EventRounds "7"]
[EventCountry "ENG"]
[SourceTitle "Thurlow, Kevin"]

1. e4 c5 2. Nf3 d6 3. d4 cxd4 4. Nxd4 Nf6 5. Nc3 g6 6. f3 Qb6 7. Nb3 Nc6 8. Bd3 Bg7 9. Qe2 Be6 10. Be3 Qc7 11. Nb5 Qd8 12. Qf2 Nd7 13. N3d4 a6 14. Nxe6 fxe6 15. Nd4 Qa5+ 16. c3 Nc5 17. Bc2 Rc8 18. O-O Nxd4 19. Bxd4 Bxd4 20. cxd4 Nd7 21. Bb3 e5 22. Rac1 Rc7 23. Rc2 exd4 24. Qxd4 Rf8 25. Rxc7 Qxc7 26. Qd2 Nc5 27. Bc2 Qb6 28. Qf2 Qxb2 29. Rb1 Qxa2 30. e5 Qa5 31. exd6 exd6 32. Re1+ Kd7 33. Qe3 Qd8 34. Rd1 b6 35. Be4 Re8 36. Qd4 Kc7 37. Qd5 Nxe4 38. fxe4 Re5 39. Rc1+ Kb8 40. Qd3 Kb7 41. Ra1 b5 42. Rf1 Qc7 43. Rf6 d5 44. exd5 Qc1+ 45. Kf2 Qc5+ 46. Kf3 Qxd5+ 47. Qxd5+ Rxd5 48. Rf7+ Kc6 49. Rxh7 b4 50. Rg7 b3 51. Rxg6+ Kb5 52. Re6 a5 53. Re1 a4 54. g4 a3 {Source: Kevin J Thurlow} 0-1

[Event "Surrey Open"]
[Site "Sutton"]
[Date "1980.04.04"]
[Round "2"]
[White "Hughes, PR"]
[Black "Thurlow, Kevin J"]
[Result "0-1"]
[WhiteElo "1870"]
[BlackElo "2095"]
[PlyCount "96"]
[EventDate "1980.04.04"]
[EventType "swiss"]
[EventRounds "7"]
[EventCountry "ENG"]
[SourceTitle "Thurlow, Kevin"]

1. e4 c5 2. Nf3 e6 3. d4 cxd4 4. Nxd4 Bc5 5. Nb3 Bb6 6. c4 Nc6 7. Nc3 Nge7 8. Be2 O-O 9. O-O f5 10. c5 Bc7 11. f3 a6 12. Be3 f4 13. Bf2 Ng6 14. Qe1 Qg5 15. Rd1 Nb4 16. Rd2 Rb8 17. Kh1 Qh5 18. a3 Nc6 19. Na4 Rf6 20. Nb6 Nf8 21. Bg1 Rh6 22. Nc4 b6 23. cxb6 Bxb6 24. Nxb6 Rxb6 25. Nc5 e5 26. Na4 Rb8 27. Bc4+ Kh8 28. Nc3 Nd4 29. Nd5 Nfe6 30. Ne7 Ng5 31. Qf2 a5 32. Nf5 Nxf5 33. exf5 Nf7 34. Qa7 Rb7 35. Qa8 Rc7 36. Bxf7 Qxf7 37. Qxa5 d6 38. Qb6 d5 39. Qb8 d4 40. Rfd1 Rhc6 41. a4 Qxf5 42. Qb3 Be6 43. Qd3 Qxd3 44. Rxd3 Rb7 45. R3d2 Ra6 46. Ra1 Ra5 47. Bf2 Rb3 48. Rc1 Kg8 {Source: Kevin J Thurlow} 0-1

[Event "Surrey Open"]
[Site "Sutton"]
[Date "1980.04.05"]
[Round "3"]
[White "Thurlow, Kevin J"]
[Black "Mason, SM"]
[Result "0-1"]
[WhiteElo "2000"]
[BlackElo "1965"]
[PlyCount "100"]
[EventDate "1980.04.04"]
[EventType "swiss"]
[EventRounds "7"]
[EventCountry "ENG"]
[SourceTitle "Thurlow, Kevin"]

1. c4 Nf6 2. Nc3 d5 3. cxd5 Nxd5 4. g3 g6 5. Bg2 Nxc3 6. bxc3 Bg7 7. Rb1 c6 8. Qa4 O-O 9. Nf3 b5 10. Qh4 Bf5 11. Rb3 e5 12. Qxd8 Rxd8 13. O-O Be6 14. Rb2 a5 15. Ne1 Ra7 16. f4 exf4 17. Rxf4 b4 18. Rc2 c5 19. cxb4 cxb4 20. Nd3 Nd7 21. Bb2 b3 22. axb3 Bxb3 23. Rc1 Bh6 24. Bd4 Ra6 25. Rb1 Bc2 26. Rbf1 Bxf4 27. Nxf4 a4 28. Nd5 Rb8 29. Nc3 Bb3 30. Bh3 Be6 31. Bxe6 fxe6 32. Ra1 a3 33. Kf2 e5 34. Be3 Kf7 35. Ke1 Ke6 36. Kd1 Nf6 37. Bc5 Ra5 38. Bg1 Nd5 39. Na2 Kf5 40. h3 g5 41. d3 e4 42. g4+ Ke6 43. dxe4 Nf4 44. Bh2 Rb2 45. h4 h6 46. hxg5 hxg5 47. Bg3 Ng2 48. Bf2 Ke5 49. Bg3+ Kxe4 50. Nc3+ Kd4 {Source: Kevin J Thurlow} 0-1

[Event "Surrey Open"]
[Site "Sutton"]
[Date "1980.04.05"]
[Round "4"]
[White "Connolly, Marcus Philip A"]
[Black "Thurlow, Kevin J"]
[Result "1/2-1/2"]
[WhiteElo "1800"]
[BlackElo "2000"]
[PlyCount "70"]
[EventDate "1980.04.04"]
[EventType "swiss"]
[EventRounds "7"]
[EventCountry "ENG"]
[SourceTitle "Thurlow, Kevin"]

1. e4 c5 2. Nf3 e6 3. d4 cxd4 4. Nxd4 Bc5 5. Nb3 Bb6 6. Nc3 Ne7 7. Bf4 O-O 8. Bd3 Nbc6 9. a3 f5 10. exf5 Nxf5 11. Qd2 a6 12. Bg5 Qe8 13. g4 Nfd4 14. Nxd4 Nxd4 15. O-O-O Nf3 16. Qe2 Nxg5 17. Ne4 Nf3 18. g5 d5 19. Nf6+ gxf6 20. Qxf3 fxg5 21. Qg4 Qe7 22. h4 e5 23. Qh5 e4 24. Be2 Bf5 25. Rxd5 Bxf2 26. Kb1 b5 27. Bg4 Bg6 28. Rxg5 e3 29. Rxg6+ hxg6 30. Qxg6+ Qg7 $4 31. Be6+ Kh8 32. Qh5+ Qh7 33. Qe5+ Qg7 34. Qh5+ Qh7 35. Qe5+ Qg7 {Source: Kevin J Thurlow} 1/2-1/2